000 nam a22 a 4500
999 _c4664
_d4664
003 AKMAL
005 20170727143248.0
008 170727s2017 my l 00 may d
020 _a9677005332 (kkt.):
_cRM 42.00
082 0 4 _a344.59502 MAL
_221
090 _a344.595 MAL
110 1 _aMalaysia
_9400
240 1 _aAkta Keselamatan Sosial Pekerja, 1969
245 1 0 _aAkta Keselamatan Sosial Pekerja dan peraturan-peraturan :
_bsemua pindaan hingga Jun 2016, (Akta 4)
260 _aKuala Lumpur :
_bMDC Penerbit Pencetak ,
_c2017
300 0 0 _avi, 349ms. ;
_c26cm
650 0 _aSocial security
_xLaw and legislation
_zMalaysia
_94013
650 0 _aLabor laws and legislation
_zMalaysia
_93695
942 _2ddc
_cBOOK